Normal view
MARC view
- Building code
Entry Topical Term
001 - CONTROL NUMBER
- control field: 27851
003 - CONTROL NUMBER IDENTIFIER
- control field: NUST
005 - DATE AND TIME OF LATEST TRANSACTION
- control field: 20200122100849.0
008 - FIXED-LENGTH DATA ELEMENTS
- fixed length control field: 200122|| aca||aabn | a|a d
040 ## - CATALOGING SOURCE
- Original cataloging agency: NUST
- Transcribing agency: NUST
150 ## - HEADING--TOPICAL TERM
- Topical term or geographic name entry element: Building code
670 ## - SOURCE DATA FOUND
- Source citation: Work cat.: (NUST): International Building Code 2003 /, international Code Council inc
